Fr. Conceicao Rodrigues College of Engineering

ISO 9000 (Record no. 31010)

MARC details
000 -LEADER
fixed length control field 00275nam a2200133Ia 4500
100 ## - MAIN ENTRY--PERSONAL NAME
Personal name Rothery/ Brian
245 ## - TITLE STATEMENT
Title ISO 9000
260 ## - PUBLICATION, DISTRIBUTION, ETC.
Name of publisher, distributor, etc. Productivity & Quality Pub
Place of publication, distribution, etc. Madras
Date of publication, distribution, etc. 1993
300 ## - PHYSICAL DESCRIPTION
Extent 248
546 ## - LANGUAGE NOTE
Language note ENGLISH
654 ## - SUBJECT ADDED ENTRY--FACETED TOPICAL TERMS
Focus term ISO 9000
942 ## - ADDED ENTRY ELEMENTS (KOHA)
Koha item type BOOK
Holdings
Withdrawn status Lost status Damaged status Not for loan Collection Home library Current library Date acquired Source of acquisition Cost, normal purchase price Total Checkouts Full call number Barcode Date last seen Cost, replacement price Price effective from Koha item type
        CRC Fr. Agnel's C.Rodrigues College of Engineering Fr. Agnel's C.Rodrigues College of Engineering 17/03/2023 UBS 495.00   5547 17/03/2023 495.00 17/03/2023 BOOK
        CRC Fr. Agnel's C.Rodrigues College of Engineering Fr. Agnel's C.Rodrigues College of Engineering 17/03/2023 UBS 495.00   5548 17/03/2023 495.00 17/03/2023 BOOK